Gminy nadmorskie - Statystyki

Ogólne statystyki
  • Ten quiz został rozwiązany 1 545 razy
    940 od ostatniego zresetowania
  • Średni wynik to 18 z 39
Statystyki odpowiedzi
Województwo Gmina % Poprawnych
Pomorskie Gdańsk
93%
Pomorskie Gdynia
92%
Pomorskie Hel
89%
Pomorskie Sopot
89%
Zachodniopomorskie Świnoujście
86%
Zachodniopomorskie Kołobrzeg
84%
Pomorskie Władysławowo
79%
Pomorskie Ustka
75%
Pomorskie Łeba
73%
Pomorskie Jastarnia
70%
Pomorskie Puck
68%
Pomorskie Krynica Morska
65%
Zachodniopomorskie Międzyzdroje
64%
Zachodniopomorskie Mielno
64%
Zachodniopomorskie Darłowo
61%
Warmińsko-Mazurskie Elbląg
61%
Pomorskie Stegna
45%
Zachodniopomorskie Wolin
43%
Warmińsko-Mazurskie Frombork
42%
Zachodniopomorskie Kamień Pomorski
42%
Zachodniopomorskie Rewal
42%
Zachodniopomorskie Dziwnów
41%
Zachodniopomorskie Ustronie Morskie
34%
Warmińsko-Mazurskie Braniewo
32%
Pomorskie Nowy Dwór Gdański
30%
Zachodniopomorskie Trzebiatów
25%
Zachodniopomorskie Police
24%
Warmińsko-Mazurskie Tolkmicko
24%
Pomorskie Sztutowo
23%
Pomorskie Kosakowo
16%
Zachodniopomorskie Sianów
15%
Pomorskie Choczewo
14%
Pomorskie Krokowa
14%
Zachodniopomorskie Nowe Warpno
14%
Zachodniopomorskie Postomino
13%
Pomorskie Smołdzino
12%
Zachodniopomorskie Stepnica
10%
Zachodniopomorskie Będzino
9%
Pomorskie Wicko
9%
Nie znaleziono quizów pasujących do podanych kryteriów
Rozkład punktacji
Procent ludzi z każdym wynikiem
Percentyl według liczby udzielonych odpowiedzi
Twoja historia wyników
Nie rozwiązałeś tego quizu od ostatniego zresetowania